[Event "11th LCC GCT Finals 2019"]
[Site "London"]
[Date "2019.12.06"]
[Round "2.1"]
[White "Carlsen, Magnus"]
[Black "Aronian, Levon"]
[Result "1-0"]
[WhiteElo "2870"]
[BlackElo "2772"]
[Annotator "TA"]
[PlyCount "131"]
[EventDate "2019.12.02"]
[EventType "k.o."]
[EventCountry "ENG"]
[SourceTitle "playchess.com"]
[Source "ChessBase"]
[SourceQuality "1"]

{[%evp 9,131,0,7,8,18,7,16,0,13,13,43,41,45,23,24,13,17,10,10,9,13,6,0,0,8,0,6,12,29,16,18,8,8,14,25,27,27,31,42,10,14,17,24,18,15,20,27,37,30,34,58,40,48,32,64,63,72,77,76,69,70,75,81,79,75,74,72,0,117,98,115,109,102,60,60,60,60,62,58,58,58,62,172,171,170,166,160,107,112,112,112,112,133,133,133,133,133,133,153,155,160,127,133,135,236,236,236,222,330,323,315,306,393,329,384,382,382,372,355,346,321,298,295,254]} 1. d4 Nf6 2. Nf3 d5 3. Bf4 c5 4. e3 Nc6 5. Nbd2 (5. Be2 cxd4 6. exd4 Bg4 7. c3 e6 8. Nbd2 Bd6 9. Ne5 Bxe2 10. Qxe2 O-O 11. O-O Qc7 12. Rfe1 Nd7 13. Nxd7 Qxd7 14. Bxd6 Qxd6 15. Nb3 Rab8 {½-½ (36) Carlsen,M (2861)-Ding,L (2805) Abidjan 2019}) 5... cxd4 6. exd4 {D02: 1 d4 d5 2 Nf3 sidelines, including 2...Nf6 3 g3 and 2...Nf6 3 Bf4} Qb6 7. Nb3 Bg4 8. a4 {The position is equal.} a6 $146 ({Predecessor:} 8... e6 9. a5 Bb4+ 10. c3 Bxa5 11. Ra3 Bxf3 12. gxf3 Qd8 13. Nxa5 Nxa5 {1-0 (40) Van Foreest,J (2557)-Igonin,T (2470) Moscow 2016}) 9. a5 Qa7 10. c3 e6 11. Be2 Nh5 12. Be3 Qb8 13. h3 Bxf3 $1 14. Bxf3 ({But not} 14. gxf3 Bd6 $15) 14... Nf6 $1 15. Be2 Bd6 16. Bd3 O-O 17. O-O Qc7 18. Re1 Kh8 19. Qf3 Rae8 20. Bg5 Ng8 21. Re2 Nge7 22. Qh5 {[%csl Gd3][%cal Rh5h7]} Ng6 23. Bc2 Kg8 24. Bd2 Nb4 25. Bb1 Nc6 $1 26. Bd3 Rb8 27. Be3 Rfe8 28. g3 Nf8 29. Bc2 b6 30. axb6 Rxb6 31. Bc1 Reb8 32. Nc5 e5 33. Nxa6 Qa7 {Threatens to win with ...g6.} 34. dxe5 g6 35. Qg4 $1 Nxe5 36. Qa4 Rc8 37. Be3 d4 {[#]} 38. Bxd4 ({White should try} 38. Nc5 $1 $16 Qb8 39. cxd4) 38... Nf3+ {[#]} (38... Rc4 $1 $11 {remains equal.} 39. b4 (39. Nb4 Qxa4 40. Bxa4 Nf3+ {[%mdl 64] Double Attack} 41. Kg2 Nxd4 $17) 39... Nf3+ 40. Kg2 Nxd4 41. cxd4 Rxd4) 39. Kg2 $1 $16 {[%cal Rg2f3]} Nxd4 40. Qxd4 ({Much worse is} 40. cxd4 $6 Rxb2 41. Bd3 Rxe2 $11) 40... Ne6 41. Rxe6 fxe6 42. Be4 Rf8 {With the idea ...Rf7.} 43. Ra2 Rb7 44. Qxa7 $1 Rxa7 45. b4 Rb8 (45... Rc8 $14) 46. c4 $18 Rb6 47. b5 Kf7 48. Rc2 ({White should play} 48. Ra4) 48... Rbxa6 $16 49. bxa6 Rxa6 {[%mdl 4096] Endgame KRB-KRB} 50. c5 Be5 51. c6 {And now c7 would win.} Ra7 52. h4 Kf6 53. Rd2 Bc3 54. Rd3 Bb4 55. Kh3 Be7 56. f3 e5 (56... Ke5 $16 57. Kg4 Rc7) 57. Rc3 $18 {aiming for c7.} Bd6 58. Rc1 h6 (58... Rc7 $142 59. Kg4 Ke6) 59. Rd1 Be7 60. Kg4 Kf7 61. Rb1 Bd6 62. h5 gxh5+ 63. Kxh5 Kg7 64. Rd1 Bb4 65. Rd5 Re7 66. Bf5 {Accuracy: White = 78%, Black = 63%.} 1-0

[Event "11th LCC GCT Finals 2019"]
[Site "London"]
[Date "2019.12.07"]
[Round "2.1"]
[White "Ding, Liren"]
[Black "Vachier-Lagrave, Maxime"]
[Result "1-0"]
[WhiteElo "2801"]
[BlackElo "2777"]
[Annotator "TA"]
[PlyCount "99"]
[EventDate "2019.12.02"]
[EventType "k.o."]
[EventCountry "ENG"]
[SourceTitle "playchess.com"]
[Source "ChessBase"]
[SourceQuality "1"]

{[%evp 18,99,14,7,6,0,0,0,5,0,0,0,3,0,0,-6,49,48,61,62,75,77,73,57,68,78,69,67,72,87,69,64,100,73,99,99,104,111,101,0,120,83,90,78,115,102,101,110,120,115,130,120,127,118,153,154,168,171,157,134,270,284,268,271,375,366,460,432,435,307,711,700,731,705,1110,720,692,680,29979,29980,29989,29990,29990,29991]} 1. c4 c5 2. g3 g6 3. Bg2 Bg7 4. Nc3 Nc6 5. Nf3 e5 6. O-O Nge7 7. d3 d6 8. a3 a5 9. Rb1 O-O 10. b3 Rb8 {A37: Symmetrical English vs ...g6: 4 Bg2 Bg7 5 Nf3} 11. Bb2 h6 12. Nd2 Be6 {The position is equal.} 13. Nd5 b5 14. e3 Qd7 {[#]} 15. Re1 $146 ({Predecessor:} 15. Qc2 Bh3 16. Ne4 Nxd5 17. Bxh3 Qxh3 18. cxd5 {½-½ (61) Ibrahimov,R (2518)-Tregubov,P (2575) Riadh 2017}) 15... Bg4 16. Qc2 Rfc8 ({Black should play} 16... h5 $11) 17. Ne4 $14 Nxd5 18. cxd5 Ne7 19. Nd2 $1 Bh3 {next ...Bxg2 is good for Black.} 20. Bh1 Nf5 21. a4 h5 22. axb5 Rxb5 23. Ra1 h4 24. Bc3 Ra8 25. Ra4 Qd8 26. Bf3 Rab8 27. Rea1 Bh6 28. Re1 (28. Ne4 $16) 28... Qg5 (28... Bg7 $1 $11) 29. Ne4 Qd8 30. Ra3 Ne7 {[#]} 31. Nd2 $1 Nf5 32. Qd1 Bg7 33. g4 Nh6 {[#]} 34. Kh1 $1 f5 35. gxf5 gxf5 36. Rg1 Qd7 37. Qe2 Kh8 38. Ra4 Rxb3 (38... Bg4 $16) 39. Rxh4 $18 (39. Nxb3 Qxa4 40. Nxa5 Rg8 $14) 39... Rxc3 40. Rxh3 a4 41. e4 Rc2 42. Rh5 f4 43. Qd1 Rbb2 $2 (43... Rcb2 44. Bg4 Qe8) 44. Nc4 a3 45. Bg4 Qd8 46. Nxb2 Rxb2 47. Be6 {Threatening mate with Rxg7!} a2 {[#] Threatening ...Rb1.} 48. Rxg7 $1 {[%mdl 576] Clearance. White mates.} Kxg7 49. Qg1+ Kf8 {[#]} 50. Rf5+ $1 {[%mdl 512] Accuracy: White = 84%, Black = 39%.} 1-0

[Event "11th LCC GCT Finals 2019"]
[Site "London"]
[Date "2019.12.06"]
[Round "2.1"]
[White "Vachier-Lagrave, Maxime"]
[Black "Ding, Liren"]
[Result "1/2-1/2"]
[WhiteElo "2777"]
[BlackElo "2801"]
[Annotator "TA"]
[PlyCount "180"]
[EventDate "2019.12.02"]
[EventType "k.o."]
[EventCountry "ENG"]
[SourceTitle "playchess.com"]
[Source "ChessBase"]
[SourceQuality "1"]

{[%evp 16,180,12,0,21,18,18,12,17,25,23,29,27,28,24,9,9,30,18,0,2,-14,-4,-23,-25,-22,-29,-44,-48,-53,-49,-61,-49,-62,-50,-45,-34,-33,-35,-71,-71,-71,-69,-60,-66,-66,-71,-76,-75,-68,-23,-23,-23,-44,-37,-89,-77,-146,-146,-146,-135,-168,-113,-114,-42,-217,-234,-321,-281,-490,-487,-541,-506,-828,-806,-538,-845,-6311,-692,-849,-816,-6519,-6519,-6434,-987,-5664,-3109,-2513,0,-3465,-5469,-5628,-4303,-1606,-1433,-1606,-1487,-3495,-1351,-1214,-1145,-1100,-1054,-925,-836,-12795,-10977,-8280,-6107,-6021,-5910,-5813,-5775,-1054,-827,-827,-820,-803,0,0,0,0,0,0,0,0,0,0,0,0,0,0,0,0,0,0,0,0,0,0,0,0,0,0,0,0,0,0,0,0,0,0,0,0,0,0,0,0,0,0,0,0,0,0,0,0,0]} 1. e4 e5 2. Nf3 Nc6 3. Bb5 a6 4. Ba4 Nf6 5. O-O Be7 6. d3 b5 7. Bb3 d6 8. a3 O-O 9. Nc3 Na5 {C77: Ruy Lopez: 3...a6 4 Ba4 Nf6, unusual lines} 10. Ba2 Be6 11. b4 Bxa2 12. Rxa2 Nc6 13. Bg5 Qd7 14. Bxf6 Bxf6 15. Nd5 a5 16. c4 Ne7 $1 {[#]} 17. Qb3 $146 (17. Rc2 {looks sharper.} bxc4 18. Nxf6+ gxf6 19. dxc4 axb4 20. axb4 Ng6 21. b5) ({Predecessor:} 17. Rc2 Nxd5 18. cxd5 axb4 19. axb4 {1-0 (31) Carlsen,M (2837)-Ding,L (2774) Saint Louis 2017}) 17... bxc4 18. Nxe7+ Bxe7 19. dxc4 axb4 20. axb4 Qc6 21. Re1 Rxa2 22. Qxa2 Ra8 23. Qb3 g6 24. b5 Qc5 25. Qc2 c6 26. bxc6 Bd8 27. Nd2 Bb6 28. Nb3 Qxc6 29. Ra1 Rc8 30. Rc1 h5 31. h4 Ra8 32. Ra1 Rxa1+ 33. Nxa1 Qd7 {Threatens to win with ...Qg4.} 34. g3 {[#]} g5 $1 {[%mdl 512]} 35. Qd2 (35. hxg5 $15 Qh3 36. Qb3) 35... gxh4 $17 36. c5 (36. Qg5+ $142 Kf8 37. Qxh5) 36... Bxc5 {...Qg4 is the strong threat.} 37. Qg5+ Kf8 {Hoping for ...hxg3.} 38. Qxh4 Ke8 (38... Qg4 $19 39. Qxg4 hxg4) 39. Nb3 Qa4 ({Black should play} 39... Qb7 $17 40. Nxc5 Qb1+ 41. Kh2 dxc5) 40. Nxc5 $2 ({White must play} 40. Qh3 $1 $15) 40... dxc5 $19 41. Qxh5 Qxe4 $15 {[%mdl 4096] Endgame KQ-KQ} 42. Qh8+ $2 (42. Qh3 Qd4 43. Qc8+ Ke7 44. Kf1) 42... Ke7 $19 43. Qc8 Qd4 44. g4 (44. Qc7+ $142 Kf6 45. Qb6+ Kg7 46. Qb5) 44... c4 45. g5 c3 46. Kg2 Kd6 (46... Qe4+ $142 47. f3 Qe2+ 48. Kg3 Qe3 49. Qc7+ Kf8) 47. f3 Qd2+ 48. Kh3 Kd5 49. Qf5 Kc6 (49... Kc4 $142 50. Qxf7+ Kd4) 50. Qc8+ Kd6 51. Qf8+ Kc6 (51... Ke6 52. Qc8+ Ke7 53. Qc5+ Kd7 54. Qb5+ Kd6 55. Qb4+ Kd5 56. Qb7+ Kc4 57. Qxf7+ Kd4 58. Qb7 $19) 52. Qc8+ $1 Kb5 53. Qb7+ Kc5 54. Qa7+ Kd6 55. Qb8+ {[#]} Kd5 $1 56. Qb7+ Kd4 (56... Kc4 $142 57. Qxf7+ Kd4) 57. Qe4+ Kc5 58. Qxe5+ Kc4 59. Qe4+ Kb3 60. Qb1+ Ka3 61. Qa1+ Kb4 62. Qb1+ Kc5 63. Qf5+ Qd5 64. Qc8+ Kd4 {Strongly threatening ...Qe6+.} 65. Qg4+ Kd3 66. g6 {[#]} c2 $2 ({Better is} 66... fxg6 $1 $19 67. Qxg6+ Kd2 68. Qg2+ Kc1 69. Qg1+ Kc2 70. Qf2+ Qd2) 67. gxf7 $11 {The position is equal.} c1=Q {( -> ...Qh6+)} (67... Qxf7 $5 68. Qe4+ $8 Kd2 69. Qd4+ Kc1 70. Qa1+ Kd2 71. Qd4+ Kc1 72. Qa1+ Kd2 73. Qd4+ $11) 68. f8=Q $1 {Black must now prevent Qg6+.} Qh1+ 69. Kg3 Qe5+ 70. Qgf4 Qg1+ 71. Kh4 Qh1+ 72. Kg3 $1 Qee1+ 73. Kg4 Qhh4+ 74. Kf5 Qh5+ 75. Kf6 Qa1+ 76. Ke6 Qa2+ 77. Kf6 Qb2+ 78. Ke6 $1 {White wants to mate with Qe4+.} Qb3+ 79. Kf6 {Threatening mate with Qd8+.} Qb2+ 80. Ke6 {Intending Qe4+ and mate.} Qb3+ 81. Kf6 {White threatens Qd8+ and mate.} Qc3+ 82. Ke6 Qg6+ 83. Q4f6 Qc6+ 84. Ke7 $1 Qc5+ 85. Ke6 Qc6+ 86. Ke7 $1 Qc7+ 87. Ke6 Qb6+ 88. Ke7 Qc5+ 89. Ke6 Qcf5+ 90. Ke7 Qc5+ {Accuracy: White = 53%, Black = 69%.} 1/2-1/2

[Event "11th LCC GCT Finals 2019"]
[Site "London"]
[Date "2019.12.07"]
[Round "2.2"]
[White "Aronian, Levon"]
[Black "Carlsen, Magnus"]
[Result "1/2-1/2"]
[WhiteElo "2772"]
[BlackElo "2870"]
[Annotator "TA"]
[PlyCount "162"]
[EventDate "2019.12.02"]
[EventType "k.o."]
[EventCountry "ENG"]
[SourceTitle "playchess.com"]
[Source "ChessBase"]
[SourceQuality "1"]

{[%evp 9,162,24,47,14,21,15,25,0,0,8,42,53,33,0,6,29,60,64,102,66,66,32,124,102,134,151,151,76,100,75,75,69,80,68,97,92,112,93,121,115,153,171,191,184,255,191,264,202,227,208,191,225,217,225,233,220,178,192,192,189,210,44,41,32,33,20,37,30,140,131,143,121,202,185,173,199,187,66,66,67,55,54,64,64,64,64,64,55,56,49,56,56,54,49,49,49,47,0,45,39,40,0,0,8,11,0,0,0,0,0,4,4,29,4,7,4,8,4,4,0,4,6,13,4,13,8,19,0,19,19,33,41,54,0,0,0,0,0,0,0,0,0,0,0,0,0,0,0,0,0,0,0,0,0,0]} 1. d4 Nf6 2. c4 g6 3. f3 Nc6 (3... c5 4. d5 d6 5. e4 e6 6. Nc3 exd5 7. cxd5 Bg7 8. Nge2 Nbd7 9. Ng3 h5 10. Be2 Nh7 11. Nf1 Qh4+ 12. g3 Qe7 13. Ne3 O-O 14. a4 Ne5 15. O-O Bh3 {1-0 (77) Ding,L (2812)-Grischuk,A (2771) Shamkir 2019}) 4. d5 Ne5 5. e4 d6 6. Nc3 {E60: King's Indian: Unusual lines and Fianchetto Variation without Nc3} Bg7 7. f4 $146 ({Predecessor:} 7. Be2 O-O 8. f4 Ned7 {1-0 (28) De Jong,J (2454)-Wagner,D (2501) Haarlem 2014}) 7... Ned7 8. Be3 {White has an edge.} O-O 9. Be2 e6 10. dxe6 $1 fxe6 11. h4 b5 12. cxb5 Bb7 13. Qb3 Kh8 14. Bf3 (14. Qxe6 Nxe4 15. Nxe4 Re8 $17) 14... e5 15. Nh3 Nh5 (15... a6 $1 $14) 16. Bxh5 $1 $16 gxh5 17. f5 Nf6 18. Nf2 (18. Ng5 $142) 18... a6 19. b6 cxb6 20. Bxb6 Qd7 21. Rd1 Rac8 22. Be3 h6 23. Rh3 d5 24. exd5 Ba8 25. Rf3 Rb8 26. Qc2 Rfc8 (26... Qc7 $142) 27. Qe2 Qf7 (27... Qb7 $142 28. Rd2 Rd8) 28. Qd2 (28. Qxa6 Nxd5 29. Bxh6 Nf6 $16) 28... Kh7 29. Nfe4 Nxe4 30. Nxe4 Rd8 {[%cal Rd8d5]} 31. f6 Bf8 {[%cal Rf7d5]} 32. Qc2 {Threatening mate with Ng5+!} Kh8 33. Nc3 Rb4 34. Qf2 Bxd5 35. Bc5 $2 (35. Nxd5 $6 Rxd5 36. Rc1 Qd7 $16) (35. Rf5 $18 Rbb8 36. Ba7 (36. Nxd5 Rxd5 37. Rc1 Qg6 $16) (36. Rxe5 Ba8 $18)) 35... Rd4 $1 $14 36. Bxd4 Bxf3 37. gxf3 exd4 38. Rxd4 Rb8 (38... Qxf6 $11 39. Rxd8 Qxd8) 39. Qh2 $16 Rb6 {[#]} 40. Nd5 $1 {[%cal Rd5b6]} Qe6+ (40... Rd6 $16) 41. Qe2 $18 Qg8 {[#]} 42. Kf1 $1 ({Worse is} 42. Nxb6 Qg1+ 43. Qf1 Qxd4 $11) ({Don't take} 42. Qf2 $6 Re6+ 43. Re4 Rd6 $14) 42... Re6 43. f7 ({White should play} 43. Qh2 $18) 43... Qxf7 $14 44. Rf4 Qg6 $1 {[%cal Rg6b1]} 45. Rxf8+ Kg7 46. Qd1 Kxf8 {[%mdl 4096] Endgame KQR-KQN} 47. Nf4 $1 {[%csl LRe6,LRg6][%mdl 64] Double Attack} Qe8 48. Nxe6+ Qxe6 {KQ-KQ} 49. Qd8+ Kf7 50. Qc7+ Ke8 $1 51. Qb8+ Kd7 $1 52. Qb7+ Kd8 $1 53. Qb8+ Kd7 $1 54. Qa7+ Ke8 55. b3 Qh3+ 56. Ke2 Qxh4 57. Qb8+ Ke7 58. Qc7+ Kf8 59. Qc5+ Kg7 60. Qe5+ Kg8 61. a4 Qh1 62. Qb8+ Kf7 63. Qf4+ Ke8 64. Qb8+ Kd7 65. Qa7+ Kd8 66. Qd4+ ({Resist} 66. Qxa6 $6 Qg2+ 67. Ke3 Qg5+ 68. Ke4 h4 $16) 66... Ke8 67. Qe5+ Kd7 68. Qd4+ Ke8 69. b4 Qg2+ 70. Qf2 Qg5 71. f4 (71. Qe3+ $1 $14 Kd7 72. Qa7+ Kd8 73. Qxa6) 71... Qd5 $11 {The position is equal.} 72. Qe3+ Kf7 $1 73. Qa7+ Ke8 74. Qc5 Qa2+ 75. Kf3 Qxa4 76. Qxh5+ Ke7 {Threatens to win with ...Qd1+.} 77. Qe5+ Kf7 78. Qd5+ Kg7 79. Qd4+ Kf7 80. Qd5+ Kg7 81. Qd4+ Kf7 {Accuracy: White = 54%, Black = 65%.} 1/2-1/2

[Event "11th LCC GCT Finals 2019"]
[Site "London"]
[Date "2019.12.08"]
[Round "2.3"]
[White "Ding, Liren"]
[Black "Vachier-Lagrave, Maxime"]
[Result "1-0"]
[WhiteElo "2801"]
[BlackElo "2777"]
[Annotator "TA"]
[PlyCount "77"]
[EventDate "2019.12.02"]
[EventType "k.o."]
[EventCountry "ENG"]
[SourceTitle "playchess.com"]
[Source "ChessBase"]
[SourceQuality "1"]

{[%evp 18,77,18,0,88,95,106,114,116,110,139,133,149,153,147,152,156,133,153,160,158,161,170,136,166,142,144,138,129,139,163,151,147,140,181,170,170,184,179,206,315,170,159,159,170,158,200,195,194,198,195,199,809,740,1120,1068,1549,1565,1391,1481,1523,1028]} 1. d4 Nf6 2. c4 g6 3. g3 c5 4. Nf3 Bg7 5. Bg2 O-O 6. d5 d6 7. Nc3 e6 8. O-O exd5 9. cxd5 Re8 10. Re1 Bf5 {A62: Modern Benoni: Fianchetto Variation without early ...Nbd7} (10... Nbd7 $11 {remains equal.}) (10... a6 11. a4 Nbd7 12. e4 Ng4 13. Nd2 Nge5 14. Re3 Nb6 15. Qf1 a5 16. h3 c4 17. Kh2 Bd7 18. f4 Nd3 19. Nxc4 Nxc1 20. Rxc1 Nxc4 21. Qxc4 {½-½ (47) Ding,L (2805)-Navara,D (2734) Prague 2019}) 11. Nd2 $1 $16 Na6 $146 ({Predecessor:} 11... Qc7 12. e4 Bd7 13. a4 Ng4 14. Nc4 Ne5 15. Nxe5 Bxe5 16. f4 Bg7 17. Qf3 Na6 18. Re2 {0-1 (41) Midanka,V (1771)-Paeslack,L (2044) Heusenstamm 2018}) 12. e4 Bg4 {White is better.} 13. f3 Bd7 14. Nc4 Qb8 15. Bf4 Bf8 16. a4 Nb4 17. Qd2 Nh5 18. Bg5 f6 19. Be3 f5 20. exf5 Bxf5 21. g4 Bd3 22. Bf1 (22. gxh5 $6 Bxc4 23. hxg6 hxg6 $14) 22... Bxf1 23. Kxf1 Nf6 24. Bg5 Bg7 25. Bf4 Qd8 26. Nxd6 (26. Bxd6 Qd7 $16) 26... Rf8 27. Kg2 ({Resist} 27. Nxb7 $6 Qb6 $14) 27... Qd7 28. Bg3 h5 (28... b6 $142 29. Rad1 Rad8) 29. g5 (29. h3 $142) 29... Ne8 $18 30. Re6 $1 $36 {[%mdl 2048] Hoping for Nce4. White is really pushing.} h4 31. Bf4 h3+ {[#]} 32. Kg3 $1 Nxd6 33. Bxd6 Rf5 {[#]} 34. Rae1 $1 {Threatens to win with f4.} ({Inferior is} 34. Rxg6 Rxf3+ 35. Kxf3 Qf5+ 36. Bf4 Qxg6 $15) 34... Bf8 $2 (34... Qf7) 35. Rxg6+ {White is clearly winning.} Kh7 36. Ree6 Re8 37. Bxf8 Rxe6 38. Rxe6 Rxf8 39. f4 {Accuracy: White = 75%, Black = 48%.} 1-0

[Event "11th LCC GCT Finals 2019"]
[Site "London"]
[Date "2019.12.08"]
[Round "2.3"]
[White "Aronian, Levon"]
[Black "Carlsen, Magnus"]
[Result "1-0"]
[WhiteElo "2772"]
[BlackElo "2870"]
[Annotator "TA"]
[PlyCount "81"]
[EventDate "2019.12.02"]
[EventType "k.o."]
[EventCountry "ENG"]
[SourceTitle "playchess.com"]
[Source "ChessBase"]
[SourceQuality "1"]

{[%evp 9,81,0,0,0,-4,-6,5,12,13,8,21,-3,7,-24,0,14,11,5,13,-69,-54,-63,-77,-82,-88,-93,-86,-92,-74,-78,-54,-76,-60,-92,-48,-56,-49,-92,-84,-98,-81,-83,-84,-99,-89,-91,-88,-100,-93,-88,-36,-98,-105,-145,-37,-44,-41,-33,-31,-556,-560,-556,-542,-545,-514,-3029,-2939,-2490,-2333,-2572,29988,29989,29989,29990]} 1. Nf3 d5 2. c4 d4 3. b4 c5 4. g3 cxb4 5. a3 b3 (5... e6 6. Bg2 Nc6 7. O-O a5 8. axb4 Bxb4 9. Ne1 Nge7 10. Nd3 O-O 11. Nxb4 Nxb4 12. Ba3 Ra6 13. d3 {½-½ (27) Svidler,P (2737)-Vitiugov,N (2719) St Petersburg 2018}) 6. d3 {A09: Réti Opening: 1 Nf3 d5 2 c4} Nc6 7. Nbd2 a5 {next ...a4 is good for Black.} 8. Qxb3 {The position is equal.} a4 9. Qc2 e5 10. Bg2 Nf6 11. O-O Be7 12. Rb1 $146 ({Predecessor:} 12. Bb2 O-O 13. Rfe1 {1-0 (35) Ikonnikov,V (2546)-Zaragatski,I (2329) Vlissingen 2003}) 12... O-O 13. Rb5 Nd7 14. Bb2 (14. Rd5 $11) 14... Nc5 $15 15. Rb1 Qc7 16. Bc1 Na5 17. R5b2 Bd7 18. Qd1 Bc6 19. Ne1 Bxg2 20. Kxg2 Ncb3 21. Nc2 {[#]} b5 $1 {[%mdl 512]} 22. cxb5 Rfb8 23. Nxb3 axb3 24. Nb4 Rxb5 25. e4 dxe3 $1 26. Qf3 Rd8 (26... Rf8 {with more complications.} 27. Bxe3 Qd7 28. Rd1 Rfb8 29. Bd2 h6) 27. Bxe3 Qd7 28. Rc1 f5 29. Rbb1 Qe6 (29... Rf8 $17 30. Bd2 e4 $1 {[%mdl 512]}) 30. Bd2 ({White should play} 30. Nc6 $15 Nxc6 31. Rxc6) 30... e4 $36 {[%mdl 2048] Black has strong initiative.} 31. Qe3 Bxb4 ({Black should try} 31... Qd7 $17 {[%cal Re4d3]} 32. Qf4 Bc5) 32. Bxb4 $15 {Threatens to win with Rc7.} Rxd3 33. Qa7 Nc4 {And now ...Qc6 would win.} 34. Rxc4 $4 {[%mdl 8192]} (34. Qa8+ $15 Kf7 35. Qa7+ Rd7 36. Qa4) 34... Qxc4 $19 35. Qa8+ Kf7 36. Qf8+ Kg6 37. Rc1 (37. Qe8+ $142 Kh6 38. Be7) 37... Qxc1 38. Qe8+ Kh6 39. Qe6+ g6 $4 {[%mdl 8192]} (39... Kh5 $19 40. Qe7 Rd1 41. Qf7+ g6 42. Qxh7+ Qh6) 40. Bf8+ Kh5 {[#]} 41. Qe7 $1 {Accuracy: White = 43%, Black = 51%.} 1-0

[Event "11th LCC GCT Finals 2019"]
[Site "London"]
[Date "2019.12.08"]
[Round "2.4"]
[White "Carlsen, Magnus"]
[Black "Aronian, Levon"]
[Result "1-0"]
[WhiteElo "2870"]
[BlackElo "2772"]
[Annotator "TA"]
[PlyCount "71"]
[EventDate "2019.12.02"]
[EventType "k.o."]
[EventCountry "ENG"]
[SourceTitle "playchess.com"]
[Source "ChessBase"]
[SourceQuality "1"]

{[%evp 9,71,2,23,19,17,8,31,17,18,3,5,7,9,7,2,5,13,7,14,0,0,0,55,-8,6,-65,-32,-46,-39,-41,0,-69,-7,-22,0,0,22,17,15,15,37,41,57,58,61,60,44,37,44,45,583,581,591,601,594,594,607,576,603,606,575,597,577,446]} 1. d4 Nf6 2. Nf3 d5 3. Bf4 c5 4. e3 Nc6 5. Nbd2 (5. Be2 cxd4 6. exd4 Bg4 7. c3 e6 8. Nbd2 Bd6 9. Ne5 Bxe2 10. Qxe2 O-O 11. O-O Qc7 12. Rfe1 Nd7 13. Nxd7 Qxd7 14. Bxd6 Qxd6 15. Nb3 Rab8 {½-½ (36) Carlsen,M (2861)-Ding,L (2805) Abidjan 2019}) 5... cxd4 6. exd4 {D02: 1 d4 d5 2 Nf3 sidelines, including 2...Nf6 3 g3 and 2...Nf6 3 Bf4} Qb6 7. Nb3 a6 $146 ({Predecessor:} 7... Bf5 8. c3 e6 9. h3 h6 10. Be2 Be7 11. O-O O-O 12. Ne5 Nxe5 13. Bxe5 {1-0 (97) Kamsky,G (2666)-Wang,H (2730) St Petersburg 2018}) 8. Be2 {White is slightly better.} Bg4 9. a4 {[%cal Ba2a4,Ba4a5][%mdl 32]} e6 10. a5 Qd8 11. Ne5 Bxe2 12. Qxe2 Rc8 13. c3 Be7 14. h4 Nxe5 15. Bxe5 Nd7 ({Black should play} 15... O-O $11) 16. h5 (16. Bxg7 $14 Rg8 17. Bh6) 16... Nxe5 17. dxe5 (17. Qxe5 $11 Rg8 18. Nc1) 17... O-O (17... Rc4 $5 {[%cal Rc4e4]} 18. Nd2 Rc5 $15) 18. Ra4 Qd7 19. Rg4 f5 20. exf6 ({Better is} 20. Rf4 $1 $11) 20... Bxf6 (20... Rxf6 $15 21. h6 g6) 21. O-O e5 22. h6 Kh8 23. hxg7+ Bxg7 24. Rd1 Qf7 25. Rd3 e4 26. Rh3 Rc6 27. Rgh4 h6 28. Qe3 Rf6 29. Nd4 {aiming for Nf5!} Rxf2 $2 {[%mdl 8192]} (29... Qd7 $14) 30. Rxh6+ $18 {White is clearly winning.} Kg8 {[#]} 31. Qg3 $1 {[%csl Gh3][%cal Rh6h8][%mdl 512]} Rf1+ 32. Kh2 {[%csl Gh3][%cal Rh6h8]} Qf4 {[#]} 33. Ne6 $1 {[%mdl 512]} Qxg3+ 34. Rxg3 {[%csl Ge6][%cal Rg3g7]} R8f7 {[#]} 35. Rhg6 $1 e3 {Strongly threatening ...e2.} 36. Rxe3 {Accuracy: White = 54%, Black = 30%.} ({Not} 36. Nxg7 e2 $18) 1-0

[Event "11th LCC GCT Finals 2019"]
[Site "London"]
[Date "2019.12.08"]
[Round "2.4"]
[White "Vachier-Lagrave, Maxime"]
[Black "Ding, Liren"]
[Result "1/2-1/2"]
[WhiteElo "2777"]
[BlackElo "2801"]
[Annotator "TA"]
[PlyCount "84"]
[EventDate "2019.12.02"]
[EventType "k.o."]
[EventCountry "ENG"]
[SourceTitle "playchess.com"]
[Source "ChessBase"]
[SourceQuality "1"]

{[%evp 14,84,2,0,0,0,0,0,0,0,27,32,16,32,14,20,21,22,27,0,11,14,12,19,21,21,21,10,20,10,15,27,31,26,29,29,29,19,18,27,29,2,8,0,20,0,0,0,5,0,0,0,0,0,0,0,0,0,0,0,0,0,0,0,0,0,0,0,0,-8,-8,-8,-8]} 1. c4 Nf6 2. Nf3 e6 3. e3 d5 4. b3 c5 5. Bb2 Nc6 6. cxd5 exd5 7. Bb5 Bd6 8. O-O O-O {A13: English Opening: 1...e6} 9. d4 (9. h3 Re8 10. d4 cxd4 11. Nxd4 Bc7 12. Nd2 Qd6 13. N2f3 Bd7 14. Be2 a6 15. Nc2 Ne4 16. Bd3 {½-½ (36) Karjakin,S (2748)-So,W (2763) Riga 2019}) 9... cxd4 10. Nxd4 Bc7 11. Nd2 Qd6 {[%csl Gc7][%cal Rd6h2] [#]} 12. N2f3 Bg4 13. Bxc6 $1 bxc6 {[#]} 14. Qc2 $146 ({Predecessor:} 14. h3 Bd7 15. Rc1 c5 16. Qc2 {1-0 (61) Moroni,L (2564)-Fridman,D (2633) Skopje 2018}) 14... Bxf3 15. Nxf3 Ne4 16. Rfd1 {And now Be5 would win.} (16. Rac1 {keeps more tension.} Rac8 17. Be5 Qd8 18. Bxc7 Qxc7 19. b4) 16... Rac8 17. Be5 Qe7 18. Bxc7 Rxc7 19. Rac1 {Rxd5! is the strong threat.} Rd8 20. Qb2 c5 21. Qe5 Qxe5 22. Nxe5 g6 23. b4 Rdc8 24. f3 ({Don't play} 24. Rxd5 cxb4 25. Rxc7 Rxc7 $15) 24... Nf6 $1 25. bxc5 Rxc5 26. Rxc5 Rxc5 $11 {[%mdl 4096] Endgame KRN-KRN} 27. Rd2 Kf8 {The position is equal.} 28. Rb2 Rc7 29. Kf2 Ke7 30. g4 Nd7 31. Nd3 Nb6 32. Nf4 Rc5 33. Ne2 Ra5 34. Nd4 {[#] Strongly threatening Nc6+.} Kf6 35. h4 h6 36. Rc2 Nc4 37. e4 Ra4 38. Nb5 dxe4 39. Nc3 $1 {[%cal Rc3a4]} e3+ 40. Ke2 Na3 {Hoping for ...Rxg4.} 41. Rc1 Rc4 42. Kxe3 Ke5 {Accuracy: White = 78%, Black = 74%.} 1/2-1/2